[Event "Vitrolles-Ramonville"]
[Site "Montpellier"]
[Date "2008.03.16"]
[Round "9.5"]
[White "Cherki, Thomas"]
[Black "Huchet, Francois"]
[Result "1-0"]
[WhiteElo "2227"]
[BlackElo "2090"]
[PlyCount "105"]
[EventDate "2008.03.16"]

1. e4 c5 2. Nc3 e6 3. g3 Nc6 4. Bg2 g6 5. f4 d6 6. Nge2 Bg7 7. O-O Nge7 8. d3
O-O 9. g4 f5 10. gxf5 gxf5 11. Ng3 Bd7 12. Kh1 Nd4 13. Nce2 Bc6 14. Ng1 e5 15.
c3 exf4 16. Bxf4 Ne6 17. exf5 Bxg2+ 18. Kxg2 Nxf5 19. Nxf5 Nxf4+ 20. Rxf4 Qg5+
21. Qg4 Qxg4+ 22. Rxg4 Rxf5 23. Re1 Raf8 24. Nh3 h6 25. Re6 R8f6 26. Rxf6 Rxf6
27. Nf4 Kf7 28. Nh5 Rg6 29. Rxg6 Kxg6 30. Nxg7 Kxg7 31. Kf3 Kf6 32. Kf4 b6 33.
d4 a6 34. b3 cxd4 35. cxd4 Ke6 36. Ke4 a5 37. d5+ Kf6 38. Kf4 Kg6 39. h4 h5 40.
a4 Kf6 41. Ke4 Kg6 42. Kd4 Kf5 43. Kc4 Kg4 44. Kb5 Kxh4 45. Kc6 Kg4 46. Kxd6 h4
47. Kc7 h3 48. d6 h2 49. d7 h1=Q 50. d8=Q Qc1+ 51. Kb7 b5 52. Qd7+ Kf4 53. Qxb5
1-0

[Event "Vitrolles-Ramonville"]
[Site "Montpellier"]
[Date "2008.03.16"]
[Round "9.6"]
[White "Iwanesko, Alexandre"]
[Black "Diaz, Mickael"]
[Result "1/2-1/2"]
[WhiteElo "2010"]
[BlackElo "2238"]
[PlyCount "119"]
[EventDate "2008.03.16"]

1. e4 c5 2. Nf3 Nc6 3. d4 cxd4 4. Nxd4 g6 5. Nc3 Bg7 6. Be3 Nf6 7. Nxc6 bxc6 8.
e5 Ng8 9. f4 f6 10. Bd4 Qa5 11. Qe2 fxe5 12. Bxe5 Nf6 13. O-O-O O-O 14. Qe1 d6
15. Bd4 c5 16. Bc4+ Kh8 17. Bxf6 Bxf6 18. Nd5 Qd8 19. Nxf6 Rxf6 20. g3 Bb7 21.
Bd5 Rb8 22. Qc3 Bxd5 23. Rxd5 Qf8 24. Rhd1 Kg8 25. Qc4 Rb4 26. Qc3 Qf7 27. a3
Rb7 28. Qf3 Rc7 29. Qb3 Qe6 30. Qb8+ Qc8 31. Qb3 Kf8 32. Qc3 Kg8 33. Qc4 Qe6
34. Qb3 Rf8 35. Qc3 Qf6 36. Qxf6 Rxf6 37. b4 cxb4 38. axb4 Re6 39. Kb2 Re4 40.
R1d4 Re2 41. Rd2 Rxd2 42. Rxd2 Kf7 43. Kb3 Ke6 44. g4 Kd7 45. c4 Kc6 46. Re2
Kb6 47. h4 a5 48. bxa5+ Kxa5 49. Re6 Kb6 50. f5 gxf5 51. gxf5 Kc5 52. Rh6 Kd4
53. Rxh7 Rxc4 54. Rxe7 Rc3+ 55. Kb2 Rf3 56. Rf7 Ke5 57. Re7+ Kf6 58. Re6+ Kxf5
59. Rxd6 Kg4 60. Rd4+ 1/2-1/2

[Event "Vitrolles-Ramonville"]
[Site "Montpellier"]
[Date "2008.03.16"]
[Round "9.7"]
[White "Peray, Sebastien"]
[Black "Galby, Vassili"]
[Result "1/2-1/2"]
[WhiteElo "2167"]
[BlackElo "2069"]
[PlyCount "124"]
[EventDate "2008.03.16"]

1. e4 c5 2. Nf3 Nc6 3. Bb5 g6 4. O-O Bg7 5. Re1 Nf6 6. c3 O-O 7. h3 Ne8 8. d3
Nc7 9. Bxc6 dxc6 10. Be3 b6 11. Qd2 e5 12. Na3 Ne6 13. Nc4 f6 14. a4 Ba6 15.
Qc2 Bxc4 16. dxc4 a5 17. Red1 Qc7 18. Rd2 Rfd8 19. Rad1 Rxd2 20. Rxd2 Rd8 21.
Qd1 Rxd2 22. Qxd2 Bf8 23. Ne1 Qd6 24. Qxd6 Bxd6 25. Nd3 Bc7 26. g3 Kf7 27. Kg2
Ke7 28. f4 exf4 29. gxf4 Ng7 30. Kf3 f5 31. b4 cxb4 32. cxb4 axb4 33. c5 b5 34.
axb5 cxb5 35. Nxb4 fxe4+ 36. Kxe4 Kd7 37. Kd5 Nf5 38. c6+ Ke7 39. Bc5+ Kf6 40.
Ke4 Ke6 41. Na6 Nd6+ 42. Kd4 Nf5+ 43. Ke4 Ba5 44. Nb8 Nd6+ 45. Kd4 b4 46. Bxd6
Kxd6 47. Kc4 Bc7 48. Na6 b3 49. Kxb3 Kxc6 50. Nxc7 Kxc7 51. Kc4 Kc6 52. Kd4 Kd6
53. Ke4 Ke6 54. Ke3 Kf6 55. Ke4 Ke6 56. Ke3 Kd5 57. Kd3 h6 58. Ke3 Kd6 59. Kd4
Ke6 60. Ke4 Kf6 61. Ke3 Kf5 62. Kf3 Kf6 1/2-1/2

[Event "Vitrolles-Ramonville"]
[Site "Montpellier"]
[Date "2008.03.16"]
[Round "9.8"]
[White "Bolon, Karelle"]
[Black "Estevez, Dorothee"]
[Result "1-0"]
[WhiteElo "2105"]
[BlackElo "1850"]
[PlyCount "77"]
[EventDate "2008.03.16"]

1. e4 c5 2. Nc3 d6 3. f4 Nf6 4. Nf3 Nc6 5. Bc4 Bg4 6. h3 Bxf3 7. Qxf3 Nd4 8.
Qd1 Rb8 9. a4 e6 10. d3 Be7 11. O-O O-O 12. Be3 d5 13. Ba2 Nxc2 14. Qxc2 d4 15.
Bf2 dxc3 16. bxc3 Qd7 17. Bc4 a6 18. a5 Qc6 19. Rfb1 Bd8 20. Qd2 Bc7 21. Qe3
Nd7 22. Bh4 Qd6 23. e5 Qc6 24. Rb2 Rfe8 25. Bb3 b5 26. axb6 Qxb6 27. c4 Qa7 28.
Rab1 Bb6 29. Ba4 Ba5 30. Bxd7 Rxb2 31. Rxb2 Bc3 32. Bxe8 Bd4 33. Qxd4 cxd4 34.
Bc6 h6 35. Rb7 Qa8 36. Be4 Qc8 37. Be7 g6 38. Ra7 Kh7 39. Ra8 1-0

[Event "Echiquier Bordelais-Montpellier II"]
[Site "Montpellier"]
[Date "2008.03.16"]
[Round "9.1"]
[White "Daumens, Michel"]
[Black "Anic, Darko"]
[Result "0-1"]
[WhiteElo "2196"]
[BlackElo "2448"]
[PlyCount "104"]
[EventDate "2008.03.16"]
[WhiteTeam "Echiquier Bordelais"]
[BlackTeam "Montpellier II"]

1. d4 c6 2. e4 d5 3. Nd2 dxe4 4. Nxe4 Nf6 5. Nxf6+ gxf6 6. c3 Bf5 7. Ne2 Nd7 8.
Ng3 Bg6 9. h4 h5 10. Be2 e5 11. Be3 Qb6 12. Qd2 exd4 13. Bxd4 c5 14. Be3 O-O-O
15. Rd1 Be7 16. Qc1 Ne5 17. O-O Qe6 18. Rxd8+ Rxd8 19. b3 Nd3 20. Qa3 Bd6 21.
Bxd3 Bxd3 22. Re1 a6 23. Qa4 Bb5 24. Qe4 Bxg3 25. Qxe6+ fxe6 26. fxg3 c4 27.
Bc5 Rd2 28. Rxe6 Rxa2 29. b4 Bc6 30. Rxf6 Rxg2+ 31. Kf1 Rxg3 32. Bd4 Rg4 33.
Rf8+ Kd7 34. Bf6 Rf4+ 35. Ke2 Ke6 36. Bg7 Rxh4 37. Ke3 Re4+ 38. Kd2 Rg4 39. Bd4
h4 40. Rh8 Bg2 41. Ke3 h3 42. Rh6+ Kf5 43. Rh5+ Kg6 44. Rh8 Re4+ 45. Kf2 Re7
46. Kg3 Kf5 47. Rh4 Re4 48. Rh5+ Ke6 49. Rh6+ Kd7 50. Rh7+ Kc6 51. Rh6+ Kb5 52.
Bf2 Ka4 0-1

[Event "Echiquier Bordelais-Montpellier II"]
[Site "Montpellier"]
[Date "2008.03.16"]
[Round "9.2"]
[White "Touzane, Olivier"]
[Black "Passager, Jean Pierre"]
[Result "0-1"]
[WhiteElo "2326"]
[BlackElo "2227"]
[PlyCount "80"]
[EventDate "2008.03.16"]
[WhiteTeam "Montpellier II"]
[BlackTeam "Echiquier Bordelais"]

1. d4 d5 2. c4 e6 3. Nc3 Be7 4. Nf3 Nf6 5. Bg5 h6 6. Bh4 O-O 7. e3 b6 8. Bxf6
Bxf6 9. cxd5 exd5 10. b4 g6 11. Qb3 Be6 12. Rd1 Qd6 13. Na4 Nd7 14. Ba6 Rab8
15. Be2 c5 16. b5 Rbc8 17. O-O Rc7 18. Qa3 Rfc8 19. Rd2 Qf8 20. Qb2 cxd4 21.
exd4 Bf5 22. Bd1 Qd6 23. Re1 Be4 24. Rde2 Rc4 25. Bb3 Bxf3 26. Re8+ Nf8 27.
Bxc4 Rxc4 28. gxf3 Rxa4 29. Rc8 Rxd4 30. Qc1 Rc4 31. Rxc4 dxc4 32. Qxc4 Ne6 33.
Qc8+ Kh7 34. Qb7 Ng5 35. Kg2 Qf4 36. Re3 Bd4 37. Re2 Qf5 38. Kf1 Qh3+ 39. Ke1
Nxf3+ 40. Kd1 Qf1+ 0-1

[Event "Echiquier Bordelais-Montpellier II"]
[Site "Montpellier"]
[Date "2008.03.16"]
[Round "9.3"]
[White "Faber, Michel"]
[Black "Zharkov, Hleb"]
[Result "1/2-1/2"]
[WhiteElo "2250"]
[BlackElo "2253"]
[PlyCount "40"]
[EventDate "2008.03.16"]
[WhiteTeam "Echiquier Bordelais"]
[BlackTeam "Montpellier II"]

1. c4 f5 2. Nc3 Nf6 3. g3 d6 4. Bg2 g6 5. d4 Bg7 6. Nf3 O-O 7. O-O Qe8 8. Nd5
Nxd5 9. cxd5 Nd7 10. Ng5 Nf6 11. h4 Bd7 12. a4 Kh8 13. Ra3 c6 14. dxc6 bxc6 15.
e4 Nxe4 16. Nxe4 fxe4 17. Bxe4 Bh3 18. Re1 Qf7 19. Be3 d5 20. Bh1 e5 1/2-1/2

[Event "Echiquier Bordelais-Montpellier II"]
[Site "Montpellier"]
[Date "2008.03.16"]
[Round "9.4"]
[White "Hamdouchi, Adina Maria"]
[Black "Lemeaux, David"]
[Result "1-0"]
[WhiteElo "2288"]
[BlackElo "2221"]
[PlyCount "73"]
[EventDate "2008.03.16"]
[WhiteTeam "Montpellier II"]
[BlackTeam "Echiquier Bordelais"]

1. d4 Nf6 2. Nf3 g6 3. g3 Bg7 4. Bg2 O-O 5. O-O d6 6. Re1 Nbd7 7. e4 e5 8. c3
Re8 9. Nbd2 b6 10. d5 Rf8 11. b4 Ne8 12. Nc4 h6 13. Qc2 Bb7 14. Ne3 Rc8 15. Bb2
Ndf6 16. c4 c6 17. Qd3 cxd5 18. cxd5 Qd7 19. a4 Nc7 20. Nd2 Na6 21. Qb3 Nh7 22.
f4 Kh8 23. Nf3 Rfe8 24. fxe5 dxe5 25. Bf1 Qe7 26. Ba3 Qf6 27. Ng4 Qd8 28. Rad1
Ng5 29. Bb5 Rf8 30. Bxa6 Bxa6 31. b5 Bb7 32. Bxf8 Nxf3+ 33. Qxf3 Qxf8 34. Rc1
f5 35. exf5 gxf5 36. Rxc8 Qxc8 37. Ne3 1-0

[Event "Echiquier Bordelais-Montpellier II"]
[Site "Montpellier"]
[Date "2008.03.16"]
[Round "9.5"]
[White "Lagunes, Jean Renaud"]
[Black "Flear, Christine"]
[Result "1/2-1/2"]
[WhiteElo "2072"]
[BlackElo "2161"]
[PlyCount "52"]
[EventDate "2008.03.16"]
[WhiteTeam "Echiquier Bordelais"]
[BlackTeam "Montpellier II"]

1. e4 c5 2. Nf3 e6 3. b3 b6 4. Bb2 Bb7 5. Nc3 Nc6 6. Bb5 Nd4 7. Bd3 Nf6 8. O-O
Be7 9. Re1 Nxf3+ 10. Qxf3 O-O 11. Qh3 g6 12. e5 Nh5 13. Be4 Bxe4 14. Nxe4 f5
15. exf6 Nxf6 16. Qh6 Ne8 17. Re3 Bf6 18. Rh3 Qe7 19. Nxf6+ Nxf6 20. Qh4 Nd5
21. Qxe7 Nxe7 22. Re3 Nd5 23. Re2 Rf7 24. Be5 Rc8 25. d3 Nb4 26. a4 Nc6 1/2-1/2

[Event "Echiquier Bordelais-Montpellier II"]
[Site "Montpellier"]
[Date "2008.03.16"]
[Round "9.6"]
[White "Dussol, Pierre"]
[Black "Galloux, Maxime"]
[Result "1-0"]
[WhiteElo "2203"]
[BlackElo "2062"]
[PlyCount "57"]
[EventDate "2008.03.16"]
[WhiteTeam "Montpellier II"]
[BlackTeam "Echiquier Bordelais"]

1. e4 c5 2. d4 cxd4 3. c3 g6 4. cxd4 d5 5. e5 Bg7 6. Nc3 Nc6 7. Be2 Nh6 8. Bf3
Nf5 9. Nge2 e6 10. Bg4 O-O 11. Bxf5 exf5 12. Be3 g5 13. f4 g4 14. O-O Re8 15.
Ng3 Be6 16. Nb5 Bf8 17. h3 gxh3 18. Qh5 Kh8 19. Qxh3 Qd7 20. Nh5 Be7 21. Kf2
Nxe5 22. dxe5 Qxb5 23. Nf6 Qxb2+ 24. Kf3 Bxf6 25. Rh1 Kg8 26. Qxh7+ Kf8 27.
Rab1 Qc3 28. exf6 Qxf6 29. Bc5+ 1-0

[Event "Echiquier Bordelais-Montpellier II"]
[Site "Montpellier"]
[Date "2008.03.16"]
[Round "9.7"]
[White "Biaux, Alain"]
[Black "Guennoun, Anthony"]
[Result "0-1"]
[WhiteElo "1935"]
[BlackElo "2163"]
[PlyCount "82"]
[EventDate "2008.03.16"]
[WhiteTeam "Echiquier Bordelais"]
[BlackTeam "Montpellier II"]

1. e4 c5 2. d3 Nc6 3. f4 g6 4. Nf3 Bg7 5. Be2 d6 6. O-O Nf6 7. Qe1 O-O 8. Qh4
b5 9. c3 Qb6 10. e5 Nd5 11. exd6 exd6 12. Ng5 h6 13. Ne4 f5 14. Nf2 Bd7 15. Bf3
Nf6 16. Na3 Rae8 17. Nc2 d5 18. Bd2 a5 19. g4 fxg4 20. Nxg4 Nxg4 21. Bxg4 Bxg4
22. Qxg4 Ne7 23. Rae1 Nf5 24. Ne3 c4 25. Qf3 Nxe3 26. Bxe3 Qc6 27. dxc4 Qxc4
28. b3 Qe4 29. Bd2 Qxf3 30. Rxf3 Rxe1+ 31. Bxe1 Kf7 32. f5 g5 33. Rd3 Re8 34.
Kf1 Re5 35. c4 Rxf5+ 36. Kg2 bxc4 37. bxc4 dxc4 38. Rd7+ Kg6 39. Ra7 Rb5 40.
Rxa5 Rxa5 41. Bxa5 c3 0-1

[Event "Echiquier Bordelais-Montpellier II"]
[Site "Montpellier"]
[Date "2008.03.16"]
[Round "9.8"]
[White "Buscara, Sevan"]
[Black "Soissong, Elzbieta"]
[Result "1-0"]
[WhiteElo "2126"]
[BlackElo "1640"]
[PlyCount "105"]
[EventDate "2008.03.16"]
[WhiteTeam "Montpellier II"]
[BlackTeam "Echiquier Bordelais"]

1. d4 Nf6 2. Nf3 e6 3. Bf4 c5 4. c3 Nc6 5. e3 d5 6. Bd3 Be7 7. Nbd2 Nh5 8. Be5
O-O 9. g4 Nf6 10. Qb1 g6 11. h4 Nxg4 12. h5 f5 13. hxg6 h6 14. Qd1 Ncxe5 15.
dxe5 Kg7 16. Qe2 c4 17. Bc2 Qa5 18. Nf1 b5 19. Ng3 b4 20. Nh5+ Kxg6 21. Nd4 Kf7
22. f3 bxc3 23. b4 cxb3 24. Nxb3 Qb4 25. fxg4 Qxg4 26. Qxg4 fxg4 27. O-O+ Ke8
28. Rxf8+ Bxf8 29. Nf6+ Ke7 30. Nxg4 Bg7 31. Bg6 Ba6 32. Nd4 Rh8 33. Rc1 h5 34.
Rxc3 Bc4 35. Ra3 a6 36. Nh2 Bxe5 37. Nc6+ Kf6 38. Nxe5 Kxe5 39. Nf3+ Kf6 40.
Bd3 Bxd3 41. Rxd3 Ra8 42. Nd4 Ke5 43. Rb3 Rg8+ 44. Kh2 Rg4 45. Rb6 Rh4+ 46. Kg3
Rg4+ 47. Kf3 Rg6 48. Rxa6 h4 49. Ra8 Rg3+ 50. Kf2 Rh3 51. Re8 Rh2+ 52. Kg1 Rxa2
53. Rxe6# 1-0

[Event "Monaco-Chamalieres"]
[Site "Montpellier"]
[Date "2008.03.16"]
[Round "9.1"]
[White "Efimov, Igor"]
[Black "Etchegaray, Patrice"]
[Result "1/2-1/2"]
[WhiteElo "2468"]
[BlackElo "2376"]
[PlyCount "31"]
[EventDate "2008.03.16"]
[WhiteTeam "Monaco"]
[BlackTeam "ChamaliÃ¨res"]

1. e4 e5 2. Nf3 Nc6 3. Bb5 a6 4. Ba4 Nf6 5. O-O Be7 6. Bxc6 dxc6 7. Qe1 Nd7 8.
d3 c5 9. Nbd2 O-O 10. Nc4 f6 11. Nh4 Rf7 12. Nf5 Nf8 13. f4 exf4 14. Bxf4 Ne6
15. Qg3 Kh8 16. Rf2 1/2-1/2

[Event "Monaco-Chamalieres"]
[Site "Montpellier"]
[Date "2008.03.16"]
[Round "9.2"]
[White "Sandu, Mihaela"]
[Black "Rombaldoni, Denis"]
[Result "0-1"]
[WhiteElo "2313"]
[BlackElo "2404"]
[PlyCount "78"]
[EventDate "2008.03.16"]
[WhiteTeam "ChamaliÃ¨res"]
[BlackTeam "Monaco"]

1. e4 c5 2. Nf3 e6 3. d4 cxd4 4. Nxd4 a6 5. Bd3 Qc7 6. O-O Nf6 7. Be3 Nc6 8.
Nd2 Nxd4 9. Bxd4 Bc5 10. Bxc5 Qxc5 11. Re1 e5 12. Nc4 d6 13. Bf1 Ke7 14. b4
Qxb4 15. Rb1 Qc5 16. Rb6 Rd8 17. Qf3 Ra7 18. Reb1 Be6 19. Rxb7+ Rd7 20. Rxa7
Rxa7 21. Ne3 Qc6 22. Bd3 Rb7 23. Rd1 g6 24. a3 Qa4 25. g4 Qxa3 26. Bc4 Qc5 27.
g5 Nh5 28. Nd5+ Kf8 29. Bxa6 Ra7 30. Bd3 Bxd5 31. exd5 Ra4 32. Rb1 Qc8 33. Kf1
Rh4 34. Rb6 Qd8 35. Rb7 Nf4 36. Qg3 Qa8 37. Rb1 Qxd5 38. Rb8+ Kg7 39. Ke1 Rh3
0-1

[Event "Monaco-Chamalieres"]
[Site "Montpellier"]
[Date "2008.03.16"]
[Round "9.3"]
[White "Rouchouse, Stevens"]
[Black "Robin, Samy"]
[Result "1/2-1/2"]
[WhiteElo "2193"]
[BlackElo "2352"]
[PlyCount "49"]
[EventDate "2008.03.16"]
[WhiteTeam "Monaco"]
[BlackTeam "ChamaliÃ¨res"]

1. e4 e5 2. d4 exd4 3. Bc4 Nc6 4. Nf3 Nf6 5. e5 d5 6. Bb5 Ne4 7. Nxd4 Bd7 8.
Bxc6 bxc6 9. O-O Be7 10. f3 Nc5 11. Be3 O-O 12. Nc3 f6 13. exf6 Rxf6 14. Qd2
Ne6 15. Na4 Qf8 16. Nxe6 Rxe6 17. Qf2 Rg6 18. Kh1 Rb8 19. Bxa7 Rb4 20. Nc5 Bf5
21. g4 Rh6 22. gxf5 Rbh4 23. Nd3 Bd6 24. f4 c5 25. Rae1 1/2-1/2

[Event "Monaco-Chamalieres"]
[Site "Montpellier"]
[Date "2008.03.16"]
[Round "9.4"]
[White "Blanc, Sebastien"]
[Black "Van Hoolandt, Patrick"]
[Result "0-1"]
[WhiteElo "2134"]
[BlackElo "2216"]
[PlyCount "63"]
[EventDate "2008.03.16"]
[WhiteTeam "ChamaliÃ¨res"]
[BlackTeam "Monaco"]

1. d4 Nf6 2. c4 e6 3. Nc3 Bb4 4. e3 O-O 5. Nf3 c5 6. Bd3 d5 7. a3 cxd4 8. exd4
Bxc3+ 9. bxc3 dxc4 10. Bxc4 Qc7 11. Qd3 b6 12. O-O Bb7 13. Bg5 Nbd7 14. Ba2 Ng4
15. Bh4 Rac8 16. Rac1 Ndf6 17. Bg3 Be4 18. Qe2 Qb7 19. Ne1 Nh6 20. f3 Bd5 21.
c4 Qa6 22. Bd6 Rfe8 23. g4 Nd7 24. Rc2 Bb7 25. Bb4 Qa4 26. Nd3 a5 27. Bd6 Kh8
28. Bg3 Qxa3 29. Rb1 Qa4 30. Rb5 Bxf3 31. Qxf3 Qxc2 32. Bf4 0-1

[Event "Monaco-Chamalieres"]
[Site "Montpellier"]
[Date "2008.03.16"]
[Round "9.5"]
[White "Gentilleau, Jean Philippe"]
[Black "Ollier, Pablo"]
[Result "1/2-1/2"]
[WhiteElo "2167"]
[BlackElo "2127"]
[PlyCount "37"]
[EventDate "2008.03.16"]
[WhiteTeam "Monaco"]
[BlackTeam "ChamaliÃ¨res"]

1. Nf3 Nf6 2. d4 e6 3. Bg5 h6 4. Bxf6 Qxf6 5. e3 b6 6. Bd3 Bb7 7. Nbd2 c5 8. c3
Nc6 9. Qe2 Qd8 10. O-O Be7 11. Ba6 Bxa6 12. Qxa6 O-O 13. Rad1 Qc8 14. Qe2 d5
15. dxc5 Bxc5 16. c4 Ne7 17. Nb3 a5 18. Nxc5 Qxc5 19. a4 1/2-1/2

[Event "Monaco-Chamalieres"]
[Site "Montpellier"]
[Date "2008.03.16"]
[Round "9.6"]
[White "Ollier, Milan"]
[Black "Roussiere, Christophe"]
[Result "0-1"]
[WhiteElo "1856"]
[BlackElo "2127"]
[PlyCount "78"]
[EventDate "2008.03.16"]
[WhiteTeam "ChamaliÃ¨res"]
[BlackTeam "Monaco"]

1. e4 e5 2. f4 exf4 3. Nf3 Ne7 4. Bc4 d5 5. exd5 Ng6 6. O-O Be7 7. d4 O-O 8.
Nc3 Bg4 9. Qd3 Nd7 10. Bd2 Bd6 11. Rae1 Kh8 12. Bb3 h6 13. Nb5 a6 14. Nxd6 cxd6
15. c4 Rc8 16. Bc2 Nf6 17. b3 b5 18. Bb4 bxc4 19. bxc4 Qc7 20. Bb3 a5 21. Ba3
Qd7 22. c5 Bf5 23. Qc4 Be4 24. Rxe4 Nxe4 25. Ba4 Qg4 26. Qd3 Ng5 27. cxd6 Rfd8
28. d7 Rb8 29. Re1 Rxd7 30. Bxd7 Qxd7 31. d6 Qg4 32. Nxg5 hxg5 33. h3 Qd7 34.
Qc3 Rc8 35. Qxa5 f3 36. Qxg5 fxg2 37. Kxg2 Rc2+ 38. Kg1 Qxh3 39. Re8+ Kh7 0-1

[Event "Monaco-Chamalieres"]
[Site "Montpellier"]
[Date "2008.03.16"]
[Round "9.7"]
[White "Birens, Eric Andre"]
[Black "Lafeuille, Bernard"]
[Result "1-0"]
[WhiteElo "2052"]
[BlackElo "1910"]
[PlyCount "63"]
[EventDate "2008.03.16"]
[WhiteTeam "Monaco"]
[BlackTeam "ChamaliÃ¨res"]

1. d4 e6 2. c4 f5 3. Nc3 Nf6 4. Nf3 Be7 5. e3 O-O 6. Bd3 b6 7. O-O Bb7 8. d5
Na6 9. dxe6 dxe6 10. Nd4 Nc5 11. Bc2 Qe8 12. f3 Rd8 13. Qe2 Bd6 14. b4 Na6 15.
a3 Be5 16. Bb2 Qh5 17. g3 Bxd4 18. exd4 Rfe8 19. Rad1 h6 20. Ba4 Re7 21. d5 Nh7
22. Bc6 Bxc6 23. dxc6 Rde8 24. Rd7 Nb8 25. Rxe7 Rxe7 26. b5 Ng5 27. h4 Nf7 28.
Nd5 f4 29. Nxe7+ Kf8 30. Qxe6 Qc5+ 31. Kg2 Qxe7 32. Bxg7+ 1-0

[Event "Monaco-Chamalieres"]
[Site "Montpellier"]
[Date "2008.03.16"]
[Round "9.8"]
[White "Roger, Juliette"]
[Black "Lebel Arias, Julia"]
[Result "0-1"]
[WhiteElo "1460"]
[BlackElo "1948"]
[PlyCount "88"]
[EventDate "2008.03.16"]
[WhiteTeam "ChamaliÃ¨res"]
[BlackTeam "Monaco"]

1. e4 Nf6 2. Nc3 d5 3. exd5 Nxd5 4. Bc4 c6 5. Nf3 Bg4 6. d4 e6 7. h3 Bh5 8. Be3
Bb4 9. Bd2 a6 10. a3 Bd6 11. Nxd5 cxd5 12. Be2 Nc6 13. Bc3 Bxf3 14. Bxf3 O-O
15. Qd3 Rc8 16. h4 b5 17. b4 Qc7 18. Ra2 Na5 19. Bd2 Nc4 20. h5 Bf4 21. Be3
Bxe3 22. fxe3 Qg3+ 23. Ke2 f5 24. h6 g6 25. a4 bxa4 26. Rb1 a3 27. Kf1 Qg5 28.
Re1 Qxh6 29. Kf2 Qh2 30. Qf1 Nd2 31. Qxa6 Ne4+ 32. Kf1 Rce8 33. Qxa3 Nd2+ 34.
Ke2 Nxf3 35. Kxf3 f4 36. e4 Qg3+ 37. Ke2 Qxg2+ 38. Kd1 dxe4 39. c4 Qg4+ 40. Kc1
e3 41. b5 Qf3 42. Qd6 e2 43. Raxe2 Qc3+ 44. Rc2 Qxe1+ 0-1

[Event "Montpellier Diagonale-Bordeaux ASPOM"]
[Site "Montpellier"]
[Date "2008.03.16"]
[Round "9.1"]
[White "Rodriguez, Amador"]
[Black "Favarel, Julien"]
[Result "1/2-1/2"]
[WhiteElo "2481"]
[BlackElo "2284"]
[PlyCount "54"]
[EventDate "2008.03.16"]
[WhiteTeam "La Diagonale du Sud Montpellier"]
[BlackTeam "Bordeaux A.S.P.O.M."]

1. e4 c5 2. Nf3 Nc6 3. d4 cxd4 4. Nxd4 Nf6 5. Nc3 e5 6. Ndb5 d6 7. Bg5 a6 8.
Na3 b5 9. Nd5 Be7 10. Bxf6 Bxf6 11. c3 O-O 12. Nc2 Rb8 13. Be2 a5 14. O-O Bg5
15. Qd3 Ne7 16. Nce3 Bxe3 17. Nxe3 Qc7 18. Rfd1 Rd8 19. Rac1 Be6 20. Nd5 Qa7
21. b3 Nc6 22. Qg3 b4 23. Bc4 bxc3 24. Rxc3 Nd4 25. Kh1 Bxd5 26. exd5 a4 27. f4
f6 1/2-1/2

[Event "Montpellier Diagonale-Bordeaux ASPOM"]
[Site "Montpellier"]
[Date "2008.03.16"]
[Round "9.2"]
[White "Le Huec, Marc"]
[Black "Martin Gonzalez, Angel"]
[Result "0-1"]
[WhiteElo "2204"]
[BlackElo "2362"]
[PlyCount "52"]
[EventDate "2008.03.16"]
[WhiteTeam "Bordeaux A.S.P.O.M."]
[BlackTeam "La Diagonale du Sud Montpellier"]

1. d4 Nf6 2. c4 c5 3. d5 b5 4. a4 bxc4 5. Nc3 d6 6. e4 g6 7. f4 Bg7 8. e5 dxe5
9. fxe5 Ng4 10. e6 Ne5 11. exf7+ Nxf7 12. Bxc4 Nd6 13. Be2 O-O 14. Nf3 Nd7 15.
O-O Rb8 16. Qc2 Qb6 17. Kh1 Ne5 18. a5 Qb3 19. Qxb3 Rxb3 20. Na4 Ne4 21. Nd2
Re3 22. Bf3 Nxf3 23. Nxe4 Rxe4 24. gxf3 Bh3 25. Rd1 Re2 26. f4 Bd4 0-1

[Event "Montpellier Diagonale-Bordeaux ASPOM"]
[Site "Montpellier"]
[Date "2008.03.16"]
[Round "9.3"]
[White "Bertrand, Frederic"]
[Black "Calas, Bernard"]
[Result "1/2-1/2"]
[WhiteElo "2278"]
[BlackElo "2138"]
[PlyCount "31"]
[EventDate "2008.03.16"]
[WhiteTeam "La Diagonale du Sud Montpellier"]
[BlackTeam "Bordeaux A.S.P.O.M."]

1. d4 g6 2. c4 Bg7 3. Nf3 d6 4. g3 Nf6 5. Bg2 O-O 6. Nc3 Nc6 7. O-O Bd7 8. e4
a6 9. h3 Qe8 10. Kh2 e5 11. dxe5 dxe5 12. Be3 Be6 13. Qa4 Bd7 14. Qd1 Be6 15.
Qa4 Bd7 16. Qd1 1/2-1/2

[Event "Montpellier Diagonale-Bordeaux ASPOM"]
[Site "Montpellier"]
[Date "2008.03.16"]
[Round "9.4"]
[White "Favarel, Antoine"]
[Black "Palleja, Xavier"]
[Result "1/2-1/2"]
[WhiteElo "2066"]
[BlackElo "2269"]
[PlyCount "63"]
[EventDate "2008.03.16"]
[WhiteTeam "Bordeaux A.S.P.O.M."]
[BlackTeam "La Diagonale du Sud Montpellier"]

1. e4 e6 2. d3 d5 3. Nd2 Nc6 4. Ngf3 Nf6 5. g3 dxe4 6. dxe4 e5 7. Bb5 Bc5 8. h3
Qe7 9. Qe2 Bd7 10. c3 a6 11. Bxc6 Bxc6 12. b4 Bd6 13. O-O O-O 14. Kh2 b6 15.
Nh4 g6 16. f3 Qe6 17. Rd1 Ba4 18. Rg1 Rfd8 19. Nf1 Bb5 20. Qc2 a5 21. Bd2 axb4
22. cxb4 c5 23. Bg5 cxb4 24. Ne3 Bc5 25. Rge1 Bxe3 26. Rxe3 Rd4 27. Ng2 Bc4 28.
Qb2 Rad8 29. Qxb4 Bxa2 30. Qe1 Bc4 31. Rea3 Kg7 32. Qc1 1/2-1/2

[Event "Montpellier Diagonale-Bordeaux ASPOM"]
[Site "Montpellier"]
[Date "2008.03.16"]
[Round "9.5"]
[White "Vaklinov, Vasil"]
[Black "Maghrabi, Yvan"]
[Result "1-0"]
[WhiteElo "2172"]
[BlackElo "2088"]
[PlyCount "65"]
[EventDate "2008.03.16"]
[WhiteTeam "La Diagonale du Sud Montpellier"]
[BlackTeam "Bordeaux A.S.P.O.M."]

1. c4 Nf6 2. Nc3 c5 3. g3 g6 4. Bg2 Bg7 5. Nf3 O-O 6. a3 Nc6 7. O-O d5 8. cxd5
Nxd5 9. Nxd5 Qxd5 10. d3 Qh5 11. Qc2 Nd4 12. Nxd4 cxd4 13. Re1 Qa5 14. Bd2 Qb6
15. Bb4 Bf6 16. Rac1 a5 17. Bc5 Qa6 18. Qb3 Be6 19. Qb6 Qxb6 20. Bxb6 Ra6 21.
Bc7 Ra7 22. Rc5 a4 23. Rec1 Rc8 24. h4 h5 25. Kf1 Bd7 26. Bf4 Rxc5 27. Rxc5 b6
28. Bb8 Ra6 29. Rc7 Be6 30. Ra7 Bc8 31. Rxa6 Bxa6 32. Bc6 Kf8 33. Bxa4 1-0

[Event "Montpellier Diagonale-Bordeaux ASPOM"]
[Site "Montpellier"]
[Date "2008.03.16"]
[Round "9.6"]
[White "Sallette, Alain"]
[Black "Guerin, Gilles"]
[Result "0-1"]
[WhiteElo "1967"]
[BlackElo "2231"]
[PlyCount "84"]
[EventDate "2008.03.16"]
[WhiteTeam "Bordeaux A.S.P.O.M."]
[BlackTeam "La Diagonale du Sud Montpellier"]

1. d4 Nf6 2. Nf3 d6 3. c4 Nbd7 4. Nc3 e5 5. dxe5 dxe5 6. e4 c6 7. a3 a5 8. Be2
Qc7 9. O-O Be7 10. h3 O-O 11. Be3 Rd8 12. Qc2 Bc5 13. Bxc5 Nxc5 14. b4 Ne6 15.
Rad1 Nd4 16. Nxd4 exd4 17. Na4 axb4 18. axb4 Qe7 19. Nb6 Rb8 20. c5 Qxe4 21.
Bd3 Qf4 22. Rfe1 Be6 23. Nc4 Rd5 24. Nd6 Rg5 25. Ne4 Nxe4 26. Rxe4 Qf3 27. Rg4
Rxg4 28. hxg4 Qxg4 29. Bxh7+ Kf8 30. Be4 Rd8 31. b5 Bb3 32. Qxb3 Qxe4 33. bxc6
bxc6 34. Rd3 Qe1+ 35. Kh2 Qxf2 36. Rf3 Qh4+ 37. Rh3 Qf4+ 38. Kg1 Kg8 39. Qb6
Re8 40. Rf3 Qc1+ 41. Rf1 Qe3+ 42. Kh1 Re6 0-1

[Event "Montpellier Diagonale-Bordeaux ASPOM"]
[Site "Montpellier"]
[Date "2008.03.16"]
[Round "9.7"]
[White "Py, Jean"]
[Black "Sabatier, Lionel"]
[Result "1-0"]
[WhiteElo "2128"]
[BlackElo "1810"]
[PlyCount "49"]
[EventDate "2008.03.16"]
[WhiteTeam "La Diagonale du Sud Montpellier"]
[BlackTeam "Bordeaux A.S.P.O.M."]

1. d4 Nf6 2. Nf3 d6 3. h3 g6 4. c4 Bg7 5. Nc3 a6 6. e4 c5 7. Be3 cxd4 8. Nxd4
Nc6 9. Qd2 Nxd4 10. Bxd4 O-O 11. Be2 Be6 12. g4 Rc8 13. b3 Nd7 14. Bxg7 Kxg7
15. Qd4+ Kg8 16. f4 Qb6 17. Qd2 Nb8 18. f5 Bd7 19. Nd5 Qd8 20. O-O f6 21. fxg6
hxg6 22. Qh6 Be8 23. g5 Nd7 24. Bg4 Rc5 25. Be6+ 1-0